Vista normal Vista MARC

Entrada Topical Term

Número de registros utilizados en: 1

001 - CONTROL NUMBER

  • control field: 36303

003 - CONTROL NUMBER IDENTIFIER

  • control field: OSt

005 - DATE AND TIME OF LATEST TRANSACTION

  • control field: 20210318134615.0

008 - FIXED-LENGTH DATA ELEMENTS

  • fixed length control field: 210318|| aca||aabn | a|a d

040 ## - CATALOGING SOURCE

  • Original cataloging agency: OSt
  • Transcribing agency: OSt

150 ## - HEADING--TOPICAL TERM

  • Topical term or geographic name entry element: Puertos
  • General subdivision: Aspectos económicos
  • Geographic subdivision: Cartagena

670 ## - SOURCE DATA FOUND

  • Source citation: Work cat.: (OSt): Llano Restrepo, Adriana, autora 13511, Organización Puerto de Cartagena : , 2017